Ομήρου Οδύσσεια

Αποθηκεύτηκε σε:
Λεπτομέρειες βιβλιογραφικής εγγραφής
Κύριος συγγραφέας: Όμηρος, 8ος αι. π.Χ
Άλλοι συγγραφείς: Κακριδής, Ιωάννης Θ., 1901-1992 (Μεταφραστής), Καζαντζάκης, Νίκος, 1883-1957 (Μεταφραστής)
Μορφή: Βιβλίο
Γλώσσα:Greek
Ancient Greek
Δημοσίευση: Αθήνα : Εστία, 1986.
Θέματα:
Ετικέτες: Προσθήκη ετικέτας
Δεν υπάρχουν, Καταχωρήστε ετικέτα πρώτοι!

MARC

LEADER 00000cam a2200000 i 4500
001 1/104865
008 950606s1986 gr | ||| |||| ||gre||
035 |l 10013436 
035 |a 1992  |b 1  |c Σκούρτου  |l 10034686 
040 |a GR-MyUa  |b gre  |e AACR2 
041 1 |a gre  |h grc 
082 7 |a 881.1 
082 7 |a 883.01 
100 0 |a Όμηρος,   |d 8ος αι. π.Χ. 
245 1 0 |a Ομήρου Οδύσσεια /   |c μετάφραση Ν. Καζαντζάκη, I.Θ. Κακριδή. 
260 |a Αθήνα :   |b Εστία,   |c 1986. 
300 |a 329 σ. ;   |c 22 εκ. 
650 0 0 |a Epic poetry, Greek. 
700 1 |a Κακριδής, Ιωάννης Θ.,   |d 1901-1992,  |e trl 
700 1 |a Καζαντζάκης, Νίκος,   |d 1883-1957,  |e trl 
852 |a INST  |b LESVOS  |e 19950606  |h 881.1 ΟΜΗ  |p 005100005144  |q 005100005144  |t BK  |y 0 
852 |a INST  |b RHODES  |e 19960910  |h 883.01 ΟΜΗ  |p 005400008651  |q 005400008651  |t BK  |y 0